Skoczkowie, którzy stanęli na podium w sezonie 2000/2001 - Statystyki

Ogólne statystyki
  • Ten quiz został rozwiązany 34 razy
  • Średni wynik to 10 z 21
Statystyki odpowiedzi
Liczba
podiów
Skoczek/zawodnik % Poprawnych
14 Adam Małysz
100%
4 Janne Ahonen
87%
10 Martin Schmitt
81%
4 Noriaki Kasai
77%
1 Andreas Goldberger
68%
1 Jussi Hautamäki
61%
3 Matti Hautamäki
61%
8 Risto Jussilainen
61%
1 Sven Hannawald
61%
3 Andreas Widhölzl
52%
1 Masahiko Harada
45%
3 Wolfgang Loitzl
39%
1 Stefan Horngacher
35%
2 Ville Kantee
35%
1 Dmitriy Vassiliev
29%
1 Veli - Matti Lindström
29%
1 Igor Medved
26%
1 Michael Uhrmann
26%
1 Tommy Ingebrigtsen
26%
1 Jani Soininen
16%
1 Kazuya Yoshioka
16%
Nie znaleziono quizów pasujących do podanych kryteriów
Rozkład punktacji
Procent ludzi z każdym wynikiem
Percentyl według liczby udzielonych odpowiedzi
Twoja historia wyników
Nie rozwiązałeś tego quizu